| 000 | 01630nam a2200217Ia 4500 | ||
|---|---|---|---|
| 005 | 20250605145915.0 | ||
| 008 | 008 250516s9999 xx 000 0 eng d | ||
| 020 | _a9781009445337 | ||
| 040 |
_aSDCL _beng _cSDCL |
||
| 041 |
_aeng _2eng |
||
| 084 |
_aX:9:(Z2) R4 _qSDCL |
||
| 100 |
_aRouth, Supriya _9600385 |
||
| 245 | 0 |
_aLabour justice : _bA constitutional evaluation of labour law |
|
| 260 |
_aNew Delhi : _bCambridge University Press, _c2024. |
||
| 300 | _axxv, 230p. | ||
| 365 |
_aINR _b1195 |
||
| 520 | _aThis book argues that the imagination of the worker-citizen, inherent in citizens' constitutional duty to work, is the very foundation of constitutional citizenship and its social justice agenda. The design of social justice in the constitution takes labour as its core ideological and political commitment, seeking to treat workers fairly for their social contribution through work. Employing this constitutional design, this book evaluates the recently repealed labour law against the constitutional metric of social justice. Drawing on the components of social justice, the book evaluates the new labour law in its capacity to promote market-based distribution, respecting basic individual liberties; the complementary redistribution of public goods, upholding the principle of solidarity; and worker participation in decisions about the operation of the market and the state. In offering such evaluation, the book conceives of work in its wider social relationship in contrast to its narrower private exchange rationale. | ||
| 650 | _aLabour law | ||
| 650 | _aBusiness economics | ||
| 942 |
_cTEXL _2CC _n0 |
||
| 999 |
_c1430079 _d1430079 |
||